Statistics for Highest Active All-Time Goalscorers in Europe's Top 5 Leagues

Click here to take the quiz!

General Stats

  • This quiz has been taken 332 times
    (215 since last reset)
  • The average score is 24 of 50

Answer Stats

League#GoalsMatchesClub(s)Answer% Correct
Premier League1206312Tottenham Hotspur, Leicester City, Norwich CityHarry Kane
93%
Premier League2134299Leicester CityJamie Vardy
93%
Premier League3133222Liverpool, ChelseaMohamed Salah
90%
Premier League5100
260
Tottenham HotspurSon Heung-min
87%
Bundesliga2143435Bayern MunichThomas Müller
86%
La Liga1233433Real MadridKarim Benzema
84%
Serie A1191313SS Lazio, Torino, Genoa, JuventusCiro Immobile
81%
Premier League4113341Chelsea, Manchester City, LiverpoolRaheem Sterling
81%
Bundesliga1150358Borussia Dortmund, Borussia MönchengladbachMarco Reus
80%
La Liga2168448Atlético Madrid, Barcelona, Real SociedadAntoine Griezmann
78%
Premier League974233Manchester UnitedMarcus Rashford
78%
Premier League779252LiverpoolRoberto Firmino
77%
Ligue 11154209Paris Saint-Germain, AS MonacoKylian Mbappé
75%
Premier League682275Manchester City, Leicester CityRiyad Mahrez
72%
Serie A4109293AS Roma, Juventus, PalermoPaulo Dybala
63%
La Liga3147313Celta Vigo, SevillaIago Aspas
59%
Bundesliga398243RB Leipzig, Vfb StuttgartTimo Werner
59%
Serie A3156283AC Milan, Inter Milan, JuventusZlatan Ibrahimovic
59%
Ligue 1782112Paris Saint-GermainNeymar
58%
Ligue 13118230Olympique LyonAlexandre Lacazette
53%
Ligue 12143281AS Monaco, ToulouseWissam Ben Yedder
53%
Premier League1071192Newcastle United, BournemouthCallum Wilson
51%
Bundesliga876198Bayern Munich, TSG 1899 Hoffenheim, Werder BremenSerge Gnabry
49%
Serie A2181550Sampdoria, Torino, Juventus, Napoli, Udinese, AscoliFabio Quagliarella
47%
Premier League879389Southampton, Everton, ArsenalTheo Walcott
47%
Serie A6107290US SassuoloDomenico Berardi
44%
Serie A8105264Inter Milan, AS RomaEdin Džeko
42%
La Liga6107269Villarreal, EspanyolGerard Moreno
41%
Serie A5107276Atalanta, Sampdoria, Udinese, NapoliDuván Zapata
38%
Bundesliga1059257Eintracht Frankfurt, Borussia Dortmund, Bayern MunichMario Götze
38%
Bundesliga496216TSG 1899 HoffenheimAndrej Kramaric
37%
Serie A7106293AS Roma, Torino, PalermoAndrea Belotti
35%
Ligue 14101488Olympique Marseille, LOSC Lille, Saint-Étienne, NantesDimitri Payet
31%
Serie A999301Atalanta, Fiorentina, Sampdoria, Udinese, LecceLuis Muriel
28%
Bundesliga685207Borussia Dortmund, FC Köln, TSG 1899 HoffenheimAnthony Modeste
25%
La Liga877613Real Betis, Malaga, ValenciaJoaquín
25%
La Liga4128348Cádiz, Valencia, Sevilla, AlmeríaÁlvaro Negredo
23%
La Liga1070448Villarreal, Valencia, Getafe, Real MadridDani Parejo
23%
Bundesliga588290SC Freiburg, Werder Bremen, Bayern Munich, Energie CottbusNils Petersen
20%
Bundesliga782369Borussia Mönchengladbach, Hannover 96, Karlsruher SCLars Stindl
19%
Bundesliga962264Bayern Munich, FC Schalke 04, Mainz, Hamburg, FC NurembergEric Maxim Choupo-Moting
18%
Ligue 1595271Strasbourg, Paris Saint-Germain, LorientKévin Gameiro
18%
La Liga5111580Athletic Bilbao, Atlético Madrid, OsasunaRaúl García
18%
La Liga789252Girona, Espanyol, Racing Santander, LevanteCristhian Stuani
17%
La Liga970281Villarreal, LevanteJosé Luis Morales
15%
Ligue 11067227Nice, Rennes, Montpellier, Girdondins BordeauxGaëtan Laborde
13%
Ligue 1685254Nantes, Nice, Montpellier, Toulouse, Caen, AC AjaccioAndy Delort
11%
Serie A1091297Empoli, Genoa, Bologna, AC Milan, AS Roma, SienaMattia Destro
8%
Ligue 1873258Montpellier, Saint-Étienne, Stade Rennais, Girondins Bordeaux, BastiaWahbi Khazri
5%
Ligue 1971211Brest, Lille, Olympique Marseille, Nice, Olympique LyonLoïc Rémy
4%

Score Distribution

Percentile by Number Answered

Percent of People with Each Score

Your Score History

You have not taken this quiz since the last reset